000 00689nam a2200229Ia 4500
005 20250508164152.0
008 008 250505s9999 xx 000 0 eng d
020 _a0-7619-6933-0
037 _aTextBook
040 _aFEDL
_beng
_cFEDL
041 _aeng
_2eng
084 _a370.1523, COL
_qFEDL
100 _aCollins Janet Ed.
_9777582
245 0 _aUnderstanding learning : Influences and outcomes
260 _aLondon, UK
_bPaul Chapman Publishing
_c2001
300 _aviii,208p
365 _aGBP
_b17.99
650 _aEducational Psychology; Learning
_9764788
700 _a Cook Deirdre Ed.
_9777583
942 _cTB
_h370.1523, COL
999 _c1387426
_d1387426